banner-ar

الفتى الضاحك : القصة الحائزة على جائزة بولتزر عام 1930 / (Record no. 40008)

MARC details
000 -الفاتح
حقل البيانات ثابتة الطول 00718nam a2200205Ia 4500
008 - عناصر البيانات ثابتة الطول - معلومات عامة
حقل البيانات ثابتة الطول 140319s9999 xx 000 0 ara d
040 ## - مصدر الفهرسة
وكالة الفهرسة الأصلية GCL /
وكالة النسخ GCL
082 04 - رقم تصنيف ديوى العشرى
رقم التصنيف 823.03
رقم المادة ل ف
100 1# - المدخل الرئيسى - إسم شخصى
الإسم الشخصى احمد خاكى
245 10 - بيان العنوان
العنوان الفتى الضاحك : القصة الحائزة على جائزة بولتزر عام 1930 /
بيان المسئوليه,etc احمد خاكى
700 1# - المدخل الاضافى - اسم شخصى
الإسم الشخصى لافارج، أوليفر
700 1# - المدخل الاضافى - اسم شخصى
الإسم الشخصى لوقا، ديمترى (ترجمة)
300 ## - الوصف المادى
التعداد 271 ص
490 ## - بيان السلسلة
عنوان السلسلة سلسلة الجوائز العالمية
رقم المجلد/ التعيين التسلسلي 0
650 04 - المدخل الاضافى بالموضوع-مصطلح موضوعى
مصطلح موضوعي الادب الامريكى المترجم
650 04 - المدخل الاضافى بالموضوع-مصطلح موضوعى
مصطلح موضوعي الادب العالمى المترجم
650 04 - المدخل الاضافى بالموضوع-مصطلح موضوعى
مصطلح موضوعي القصص الامريكية
942 ## - عناصر المدخل الإضافي( كوها)
مصدر التصنيف او مخطط الترفيف Dewey Decimal Classification
Koha [default] item type كتاب
Holdings
حالة التراجع حالة الفقد حالة تلف ليس للاعارة المكان المؤقت الموقع الحالى تاريخ الاكتساب اجمالي اﻻعارات رقم الطلب الباركود تاريخ اخر مشاهدة تاريخ تفعيل السعر نوع وعاء كوها
        مكتبة القاهرة الكبرى مكتبة القاهرة الكبرى 03/26/2014   823.03\ل ف 97371 03/26/2014 03/26/2014 كتاب

Powered By

EGPV